| 000 | 00000cam 2200000zi 4500 |
| 001 | 9.957230 |
| 003 | CaOODSP |
| 005 | 20251110112652 |
| 006 | m o d f |
| 007 | cr |n||||||||| |
| 008 | 251110t20152015oncda obi f|0| 0 eng d |
| 020 | |z9780660203195 |
| 040 | |aCaOODSP|beng|erda|cCaOODSP |
| 043 | |an-cn--- |
| 086 | 1 |aCH57-4/4-2015E-PDF|zCH57-4/4-2015E |
| 100 | 1 |aDown, Jane, |eauthor. |
| 245 | 10|aAdhesive compendium for conservation / |cwritten and compiled by Jane L. Down. |
| 264 | 1|aOttawa, Ontario : |bCanadian Conservation Institute = Institut canadien de conservation, |c[2015] |
| 264 | 4|c©2015 |
| 300 | |a1 online resource (x, 256 pages) : |bcharts, illustrations |
| 336 | |atext|btxt|2rdacontent |
| 337 | |acomputer|bc|2rdamedia |
| 338 | |aonline resource|bcr|2rdacarrier |
| 500 | |aIssued also in French under title: Compendium des adhésifs pour la conservation. |
| 504 | |aIncludes bibliographical references (pages 205-236) and index. |
| 650 | 0|aAdhesives. |
| 650 | 0|aMuseum conservation methods|zCanada. |
| 710 | 2 |aCanadian Conservation Institute, |eissuing body. |
| 775 | 08|tCompendium des adhésifs pour la conservation / |w(CaOODSP)9.957233 |
| 776 | 0#|tAdhesives compendium for conservation |w(CaOODSP)9.630306 |
| 856 | 40|qPDF|s29.70 MB|uhttps://publications.gc.ca/collections/collection_2025/pch/CH57-4-4-2015-eng.pdf |